[Event "Las Palmas Insular-chT Primera-A"]
[Site "Las Palmas"]
[Date "2012.01.21"]
[Round "6.2"]
[White "Perez Cardona, Jose Fernando"]
[Black "Galindo Espino, Fidel"]
[Result "0-1"]
[WhiteElo "1452"]
[BlackElo "1969"]
[PlyCount "64"]
[EventDate "2011.11.12"]
[EventType "team-tourn"]
[EventRounds "14"]
[EventCountry "ESP"]
[SourceTitle "EXT 2013"]
[Source "ChessBase"]
[SourceDate "2012.11.22"]
[SourceVersion "1"]
[SourceVersionDate "2012.11.22"]
[SourceQuality "1"]
[WhiteTeam "Cadetra"]
[BlackTeam "Telde Los Llanos"]
[WhiteTeamCountry "ESP"]
[BlackTeamCountry "ESP"]

1. e4 c5 2. Nf3 e6 3. d4 cxd4 4. Nxd4 a6 5. Nc3 b5 6. a3 Qb6 7. Be3 Qc7 8. Bd3 Nf6 9. Bd2 Nc6 10. Nxc6 dxc6 11. b4 e5 12. h3 Be7 13. 0-0 0-0 14. Be3 Be6 15. Qe2 c5 16. Bxc5 Bxc5 17. bxc5 Qxc5 18. Nd5 Bxd5 19. exd5 Qxd5 20. c4 bxc4 21. Bxc4 Qa5 22. Rfe1 e4 23. Qa2 h6 24. Re3 Rad8 25. Re2 Qb6 26. Re3 Qa7 27. Rae1 Rd6 28. Kh1 Rfd8 29. R3e2 a5 30. f3 Nh5 31. Kh2 Qc7 32. Kg1 Qc5+ 0-1

[Event "Las Palmas Insular-chT Primera-A"]
[Site "Las Palmas"]
[Date "2012.01.14"]
[Round "5.3"]
[White "Perez Cardona, Jose Fernando"]
[Black "Guerrero Ruiz, Jose Luis"]
[Result "1-0"]
[WhiteElo "1452"]
[BlackElo "1739"]
[PlyCount "63"]
[EventDate "2011.11.12"]
[EventType "team-tourn"]
[EventRounds "14"]
[EventCountry "ESP"]
[SourceTitle "EXT 2013"]
[Source "ChessBase"]
[SourceDate "2012.11.22"]
[SourceVersion "1"]
[SourceVersionDate "2012.11.22"]
[SourceQuality "1"]
[WhiteTeam "Cadetra"]
[BlackTeam "Canarias de Vecindario"]
[WhiteTeamCountry "ESP"]
[BlackTeamCountry "ESP"]

1. e4 c5 2. Nf3 a6 3. d4 cxd4 4. Nxd4 Nf6 5. Nc3 e5 6. Nf3 Qc7 7. Be3 Bb4 8. a3 Bxc3+ 9. bxc3 Qxc3+ 10. Bd2 Qc7 11. Bd3 0-0 12. 0-0 d5 13. exd5 Bg4 14. Re1 Re8 15. Be4 Nbd7 16. Bb4 Nxe4 17. Rxe4 Nf6 18. d6 Qd8 19. Rxg4 Nxg4 20. d7 Re6 21. Qd5 a5 22. Bc5 b6 23. Rd1 Nf6 24. Qxa8 Qxa8 25. d8Q+ Qxd8 26. Rxd8+ Re8 27. Rxe8+ Nxe8 28. Bxb6 a4 29. Nxe5 Nd6 30. Bc5 Ne4 31. Bb4 f6 32. Nc4 1-0

[Event "Las Palmas Insular-chT Pref-A"]
[Site "Las Palmas"]
[Date "2011.03.19"]
[Round "9.2"]
[White "Marrero Cardenes, Agustin"]
[Black "Perez Cardona, Jose Fernando"]
[Result "1-0"]
[WhiteElo "1820"]
[BlackElo "1462"]
[PlyCount "83"]
[EventDate "2011.01.15"]
[EventType "team-tourn"]
[EventRounds "14"]
[EventCountry "ESP"]
[SourceTitle "EXT 2012"]
[Source "ChessBase"]
[SourceDate "2011.11.24"]
[SourceVersion "1"]
[SourceVersionDate "2011.11.24"]
[SourceQuality "1"]
[WhiteTeam "Maspalomas"]
[BlackTeam "Desarrollo del Trabajador"]
[WhiteTeamCountry "ESP"]
[BlackTeamCountry "ESP"]

1. d4 d5 2. c4 c6 3. Nc3 Nf6 4. e3 e6 5. Bd3 Nbd7 6. Nf3 Qc7 7. cxd5 exd5 8. 0-0 Bd6 9. h3 0-0 10. Bd2 Re8 11. Qc2 h6 12. Rfc1 a6 13. a4 Nb6 14. e4 dxe4 15. Nxe4 Nbd5 16. Re1 Nxe4 17. Bxe4 Nf6 18. Bh7+ Kh8 19. Rxe8+ Nxe8 20. Bf5 Nf6 21. Re1 Bxf5 22. Qxf5 Re8 23. Ne5 Bxe5 24. dxe5 Nd5 25. g4 Re6 26. a5 Qe7 27. Kg2 g6 28. Qe4 Kg7 29. f4 f6 30. exf6+ Kxf6 31. Bc3+ Nxc3 32. Qxe6+ Qxe6 33. Rxe6+ Kxe6 34. bxc3 Kd5 35. Kf3 c5 36. Ke3 c4 37. h4 Kc5 38. f5 gxf5 39. gxf5 Kd6 40. Ke4 Ke7 41. Ke5 Kf7 42. h5 1-0

[Event "Las Palmas Insular-chT Pref-A"]
[Site "Las Palmas"]
[Date "2011.01.29"]
[Round "3.2"]
[White "Padilla Socorro, Jesus"]
[Black "Perez Cardona, Jose Fernando"]
[Result "1-0"]
[WhiteElo "1775"]
[BlackElo "1462"]
[PlyCount "83"]
[EventDate "2011.01.15"]
[EventType "team-tourn"]
[EventRounds "14"]
[EventCountry "ESP"]
[SourceTitle "EXT 2012"]
[Source "ChessBase"]
[SourceDate "2011.11.24"]
[SourceVersion "1"]
[SourceVersionDate "2011.11.24"]
[SourceQuality "1"]
[WhiteTeam "Telde Los Llanos II"]
[BlackTeam "Desarrollo del Trabajador"]
[WhiteTeamCountry "ESP"]
[BlackTeamCountry "ESP"]

1. e4 e5 2. Nf3 Nc6 3. Bc4 Nf6 4. Ng5 d5 5. exd5 Nxd5 6. Nxf7 Kxf7 7. Qf3+ Ke6 8. Nc3 Nce7 9. 0-0 c6 10. Re1 g6 11. d4 Bg7 12. dxe5 Rf8 13. Qe4 Rf5 14. f4 h5 15. Be3 Kf7 16. h3 Ke8 17. Rad1 Be6 18. Qf3 b6 19. Ne4 Nc8 20. Bb3 Qe7 21. c4 Nxe3 22. Qxe3 c5 23. Nd6+ Nxd6 24. exd6 Bd4 25. dxe7 Bxe3+ 26. Rxe3 Kxe7 27. Bc2 Rf6 28. Be4 Rd8 29. Bd5 Rd6 30. Rde1 Kf7 31. Rxe6 Rdxe6 32. Rxe6 Rxe6 33. Kf2 Kf6 34. Bxe6 Kxe6 35. Ke3 Kf5 36. Kf3 h4 37. a3 a6 38. a4 a5 39. b3 g5 40. fxg5 Kxg5 41. Ke4 Kg6 42. Kf4 1-0

[Event "Cerrado Maspalo 3rd"]
[Site "Cerrado"]
[Date "2010.10.30"]
[Round "11"]
[White "Perez Cardona, Jose Fernando"]
[Black "Salcedo Izquierdo, Rafael"]
[Result "1-0"]
[WhiteElo "1466"]
[BlackElo "1471"]
[PlyCount "63"]
[EventDate "2010.10.15"]
[EventType "tourn"]
[EventRounds "11"]
[EventCountry "ESP"]
[SourceTitle "EXT 2024"]
[Source "ChessBase"]
[SourceDate "2023.10.10"]
[SourceVersion "1"]
[SourceVersionDate "2023.10.10"]
[SourceQuality "1"]

1. d4 d5 2. c4 dxc4 3. e4 g6 4. Bxc4 Bg7 5. Nf3 e6 6. Bg5 Bf6 7. Bxf6 Nxf6 8. Nc3 b6 9. 0-0 Bb7 10. Re1 0-0 11. Qc2 Nbd7 12. Rad1 c6 13. e5 Nd5 14. Qc1 f5 15. Qh6 Qe7 16. Ng5 Rae8 17. Rd3 Qg7 18. Rh3 Qxh6 19. Rxh6 Re7 20. Bxd5 cxd5 21. Re3 Nxe5 22. Rxe5 Kg7 23. Rxh7+ Kf6 24. Rxe7 Kxe7 25. Nxe6 Rb8 26. Nc5+ Kf7 27. Nxb7 Rxb7 28. Rxd5 Re7 29. Re5 Rd7 30. d5 Kf6 31. f4 g5 32. Re6+ 1-0